<?xml version="1.0" encoding="UTF-8"?><?xml-stylesheet type="text/xsl" href="static/style.xsl"?><OAI-PMH xmlns="http://www.openarchives.org/OAI/2.0/" xmlns:xsi="http://www.w3.org/2001/XMLSchema-instance" xsi:schemaLocation="http://www.openarchives.org/OAI/2.0/ http://www.openarchives.org/OAI/2.0/OAI-PMH.xsd"><responseDate>2026-04-27T19:55:46Z</responseDate><request verb="GetRecord" identifier="oai:uvadoc.uva.es:10324/21076" metadataPrefix="marc">https://uvadoc.uva.es/oai/request</request><GetRecord><record><header><identifier>oai:uvadoc.uva.es:10324/21076</identifier><datestamp>2021-06-29T16:29:04Z</datestamp><setSpec>com_10324_38</setSpec><setSpec>col_10324_852</setSpec></header><metadata><record xmlns="http://www.loc.gov/MARC21/slim" xmlns:doc="http://www.lyncode.com/xoai" xmlns:xsi="http://www.w3.org/2001/XMLSchema-instance" xmlns:dcterms="http://purl.org/dc/terms/" xsi:schemaLocation="http://www.loc.gov/MARC21/slim http://www.loc.gov/standards/marcxml/schema/MARC21slim.xsd">
<leader>00925njm 22002777a 4500</leader>
<datafield tag="042" ind1=" " ind2=" ">
<subfield code="a">dc</subfield>
</datafield>
<datafield tag="720" ind1=" " ind2=" ">
<subfield code="a">López Alfonso, David</subfield>
<subfield code="e">author</subfield>
</datafield>
<datafield tag="260" ind1=" " ind2=" ">
<subfield code="c">2016</subfield>
</datafield>
<datafield tag="520" ind1=" " ind2=" ">
<subfield code="a">Este trabajo muestra cómo la mejora de las habilidades motrices específicas influye en el transcurso de cualquier juego. Teniendo en cuenta que cada juego lleva implícitas una serie de habilidades, es necesario conocer los aspectos que las envuelven para ofrecer la oportunidad al alumnado de conocer nuevas posibilidades y experiencias con el fin de potenciar el componente lúdico del juego. La intervención que se presenta en este documento lleva consigo un proceso completo de enseñanza-aprendizaje y evaluación de las habilidades motrices específicas del juego de cementerio, presentando y analizando los matices que se han llevado a cabo con dos clases diferentes. Las habilidades motrices específicas sobre las que gira este trabajo son: Lanzamientos, pases, recepciones y esquivas.</subfield>
</datafield>
<datafield tag="024" ind2=" " ind1="8">
<subfield code="a">http://uvadoc.uva.es/handle/10324/21076</subfield>
</datafield>
<datafield ind1=" " ind2=" " tag="653">
<subfield code="a">Psicomotricidad - Estudio y enseñanza (Primaria)</subfield>
</datafield>
<datafield tag="245" ind1="0" ind2="0">
<subfield code="a">Los matices en la mejora de las habilidades motrices especificas en el juego de cementerio.</subfield>
</datafield>
</record></metadata></record></GetRecord></OAI-PMH>